Centenario de Moratín : (Record no. 193723)
[ view plain ]
| 000 -LEADER | |
|---|---|
| campo de control de longitud fija | 01486nab a2200325 i 4500 |
| 001 - NÚMERO DE CONTROL | |
| campo de control | 193723 |
| 003 - IDENTIFICADOR DE NÚMERO DE CONTROL | |
| campo de control | ES-MaACL |
| 005 - FECHA Y HORA DE LA ÚLTIMA TRANSACCIÓN | |
| campo de control | 20250826062532.0 |
| 007 - CAMPO FIJO DE DESCRIPCIÓN FÍSICA--INFORMACIÓN GENERAL | |
| campo de control de longitud fija | t| |
| 008 - DATOS DE LONGITUD FIJA--INFORMACIÓN GENERAL | |
| campo de control de longitud fija | 240207s1928 sp ||||1| spa d |
| 040 ## - FUENTE DE CATALOGACIÓN | |
| Centro catalogador/agencia de origen | ES-MaACL |
| Lengua de catalogación | spa |
| Centro/agencia transcriptor | ES-MaACL |
| 100 1# - ENTRADA PRINCIPAL--NOMBRE DE PERSONA | |
| Nombre de persona | Cedillo, Jerónimo López de Ayala y Álvarez de Toledo, |
| Títulos y otros términos asociados al nombre | Conde de, |
| Fechas asociadas al nombre | 1862-1934 |
| Término indicativo de función/relación | Autor |
| 9 (RLIN) | 37325 |
| 245 10 - MENCIÓN DEL TÍTULO | |
| Título | Centenario de Moratín : |
| Resto del título | "la musa de la historia en la poesía moratiniana" / |
| Mención de responsabilidad, etc. | conde de Cedillo |
| 260 ## - PUBLICACIÓN, DISTRIBUCIÓN, ETC. | |
| Lugar de publicación, distribución, etc. | [Madrid] : |
| Nombre del editor, distribuidor, etc. | La Esfera, |
| Fecha de publicación, distribución, etc. | [1928] |
| 300 ## - DESCRIPCIÓN FÍSICA | |
| Extensión | 2 páginas : |
| Otras características físicas | 2 ilustraciones ; |
| Dimensiones | 42 cm |
| 336 ## - TIPO DE CONTENIDO | |
| Fuente | rdacontent |
| Término de tipo de contenido | texto |
| 337 ## - TIPO DE MEDIO | |
| Fuente | rdamedia |
| Nombre/término del tipo de medio | sin mediación |
| 338 ## - TIPO DE SOPORTE | |
| Fuente | rdacarrier |
| Nombre/término del tipo de soporte | volumen |
| 500 ## - NOTA GENERAL | |
| Nota general | Fotocopia del discurso pronunciado por el conde de Cedillo en el Ateneo de Madrid, con motivo del centenario de Leandro Fernández de Moratín, publicado en la revista "La Esfera", 30 de junio de 1928, n. 756 |
| 599 ## - NOTA A LAS ILUSTRACIONES | |
| NOTA A LAS ILUSTRACIONES | Personalidades que tomaron parte en el homenaje tributado a Moratín por el Ateneo de Madrid / foto, Díaz Casariego |
| 600 17 - PUNTO DE ACCESO ADICIONAL DE MATERIA--NOMBRE DE PERSONA | |
| Nombre de persona | Fernández de Moratín, Leandro, |
| Fechas asociadas al nombre | 1760-1828- |
| Subdivisión general | Crítica e interpretación |
| 9 (RLIN) | 143062 |
| 610 24 - PUNTO DE ACCESO ADICIONAL DE MATERIA--NOMBRE DE ENTIDAD CORPORATIVA | |
| Nombre de entidad corporativa o nombre de jurisdicción como elemento de entrada | Ateneo de Madrid- |
| Subdivisión de forma | Conferencias- |
| Subdivisión cronológica | 1900-1939 |
| 9 (RLIN) | 1907 |
| 655 #0 - TERMINO DE INDIZACIÓN--GENERO/FORMA | |
| Datos o término principal de género/forma | Conferencias |
| 9 (RLIN) | 234444 |
| 655 #4 - TERMINO DE INDIZACIÓN--GENERO/FORMA | |
| Datos o término principal de género/forma | Artículos |
| 9 (RLIN) | 175745 |
| 700 1# - ENTRADA AGREGADA--NOMBRE PERSONAL | |
| Nombre de persona | Díaz Casariego, José, |
| Fechas asociadas al nombre | 1896-1967 |
| Término indicativo de función/relación | Fotógrafo |
| 9 (RLIN) | 235164 |
| 852 4# - LOCALIZACIÓN | |
| Ubicación | ES-MaACL |
| Ubicación en estantería | Depósito folletos |
| Número de control de estantería | 2347-F-66 |
| itemnumber | 201257 |
| 942 ## - ELEMENTOS DE ENTRADA SECUNDARIOS (KOHA) | |
| Fuente del sistema de clasificación o colocación | Clasificación decimal universal |
| Tipo de ítem Koha | Artículo de revista |
| Suprimir en OPAC | No |
| Estatus retirado | Estado de pérdida | Fuente del sistema de clasificación o colocación | Estado de daño | No para préstamo | Colección | Biblioteca de origen | Biblioteca actual | Ubicación en estantería | Fecha de adquisición | Total de préstamos | Signatura topográfica completa | Código de barras | Visto por última vez | Tipo de ítem Koha |
|---|---|---|---|---|---|---|---|---|---|---|---|---|---|---|
| Clasificación decimal universal | Fondo Ateneo de Madrid | Biblioteca del Ateneo de Madrid | Biblioteca del Ateneo de Madrid | Depósito folletos | 07/02/2024 | 2347-F-66 | 101206730 | 07/02/2024 | Artículo de revista |
